| 000 | 00565nam a2200193Ia 4500 | ||
|---|---|---|---|
| 005 | 20250508152128.0 | ||
| 008 | 008 250505s9999 xx 000 0 eng d | ||
| 037 | _aTextual | ||
| 040 |
_aFEDL _beng _cFEDL |
||
| 041 |
_aeng _2eng |
||
| 084 |
_a370.63, ALL _qFEDL |
||
| 100 | _aSingh Kailash | ||
| 245 | 0 | _aReport of the 29th all India educational conference Patna Dec, 1954 | |
| 260 |
_aPatna, India _bAll India Educational Conference |
||
| 300 | _a151p. | ||
| 650 | _aEducation | ||
| 942 |
_cTEXL _h370.63, ALL |
||
| 999 |
_c1334443 _d1334443 |
||